000 00712nam a2200193 a 4500
001 BRCA_408
005 20190320203010.0
008 940729s1993 it-a---##c---#000-0#ita-#
040 _aDLC
_cDLC
050 4 _aNK3780
_b.R38 1993
100 1 _aRavaglioli, Antonio
_91390
245 1 0 _aLa ceramica come materiale tecnologico nell´industria
_cAntonio Ravaglioli, Adriano Krajewski.
260 _aFaenza
_bCredito Romagnolo
_c1993
300 _a129 p.
_bil.
_c30 cm.
500 _aCatálogo de la exposición realizada en el Museo Internazionale delle Ceramiche di Faenza (Italia), julio - diciembre, 1993
650 1 4 _aCerámica industrial
_vExposiciones
_91391
700 1 _aKrajewski, Adriano
_91392
942 _2lcc
_cB
999 _c343
_d343